<?xml version="1.0" encoding="UTF-8"?>
<record
    xmlns:xsi="http://www.w3.org/2001/XMLSchema-instance"
    xsi:schemaLocation="http://www.loc.gov/MARC21/slim http://www.loc.gov/standards/marcxml/schema/MARC21slim.xsd"
    xmlns="http://www.loc.gov/MARC21/slim">

  <leader>00510nam a22001697a 4500</leader>
  <datafield tag="020" ind1=" " ind2=" ">
    <subfield code="a">9965324654</subfield>
  </datafield>
  <datafield tag="082" ind1=" " ind2=" ">
    <subfield code="a">553.09584</subfield>
    <subfield code="b">KUN</subfield>
  </datafield>
  <datafield tag="100" ind1=" " ind2=" ">
    <subfield code="a">Kunayev, M.S</subfield>
  </datafield>
  <datafield tag="245" ind1=" " ind2=" ">
    <subfield code="a">The Analysis of Geophysical Characteristics of Series of Kazakhstan Useful Minerals deposits/</subfield>
    <subfield code="c">M.S Kunayev,and D.Sh.Sadykov</subfield>
  </datafield>
  <datafield tag="260" ind1=" " ind2=" ">
    <subfield code="a">Almaty:</subfield>
    <subfield code="b">Gylym;</subfield>
    <subfield code="c">2007.</subfield>
  </datafield>
  <datafield tag="300" ind1=" " ind2=" ">
    <subfield code="a">374p</subfield>
  </datafield>
  <datafield tag="504" ind1=" " ind2=" ">
    <subfield code="a">Kazakh Language</subfield>
  </datafield>
  <datafield tag="563" ind1=" " ind2=" ">
    <subfield code="a">HB</subfield>
  </datafield>
  <datafield tag="650" ind1=" " ind2=" ">
    <subfield code="a">Economic geology</subfield>
    <subfield code="9">133721</subfield>
  </datafield>
  <datafield tag="650" ind1=" " ind2=" ">
    <subfield code="a">Mineral resources</subfield>
    <subfield code="9">133722</subfield>
  </datafield>
  <datafield tag="942" ind1=" " ind2=" ">
    <subfield code="2">ddc</subfield>
    <subfield code="c">BK</subfield>
  </datafield>
  <datafield tag="999" ind1=" " ind2=" ">
    <subfield code="c">616685</subfield>
    <subfield code="d">616685</subfield>
  </datafield>
  <datafield tag="952" ind1=" " ind2=" ">
    <subfield code="0">0</subfield>
    <subfield code="1">0</subfield>
    <subfield code="2">ddc</subfield>
    <subfield code="3">Satbayev centre</subfield>
    <subfield code="4">0</subfield>
    <subfield code="6">553_095840000000000_KUN</subfield>
    <subfield code="7">0</subfield>
    <subfield code="9">645728</subfield>
    <subfield code="a">CL</subfield>
    <subfield code="b">CL</subfield>
    <subfield code="d">2026-03-15</subfield>
    <subfield code="f">Satbayev c</subfield>
    <subfield code="l">0</subfield>
    <subfield code="o">553.09584 KUN</subfield>
    <subfield code="p">CL-D-3267</subfield>
    <subfield code="r">2026-03-15</subfield>
    <subfield code="w">2026-03-15</subfield>
    <subfield code="y">BK</subfield>
    <subfield code="z">Satbayev Centre</subfield>
  </datafield>
  <datafield tag="952" ind1=" " ind2=" ">
    <subfield code="0">0</subfield>
    <subfield code="1">0</subfield>
    <subfield code="2">ddc</subfield>
    <subfield code="3">Satbayev centre</subfield>
    <subfield code="4">0</subfield>
    <subfield code="6">553_095840000000000_KUN</subfield>
    <subfield code="7">0</subfield>
    <subfield code="9">645729</subfield>
    <subfield code="a">CL</subfield>
    <subfield code="b">CL</subfield>
    <subfield code="d">2026-03-15</subfield>
    <subfield code="e">Satbayev centre</subfield>
    <subfield code="f">Satbayev c</subfield>
    <subfield code="l">0</subfield>
    <subfield code="o">553.09584 KUN</subfield>
    <subfield code="p">CL-D-3268</subfield>
    <subfield code="r">2026-03-15</subfield>
    <subfield code="w">2026-03-15</subfield>
    <subfield code="y">BK</subfield>
    <subfield code="z">Satbayev centre</subfield>
  </datafield>
  <datafield tag="952" ind1=" " ind2=" ">
    <subfield code="0">0</subfield>
    <subfield code="1">0</subfield>
    <subfield code="2">ddc</subfield>
    <subfield code="3">Satbayev centre</subfield>
    <subfield code="4">0</subfield>
    <subfield code="6">553_095840000000000_KUN</subfield>
    <subfield code="7">0</subfield>
    <subfield code="9">645730</subfield>
    <subfield code="a">CL</subfield>
    <subfield code="b">CL</subfield>
    <subfield code="d">2026-03-15</subfield>
    <subfield code="e">Satbayev centre</subfield>
    <subfield code="f">Satbayev c</subfield>
    <subfield code="l">0</subfield>
    <subfield code="o">553.09584 KUN</subfield>
    <subfield code="p">CL-D-3269</subfield>
    <subfield code="r">2026-03-15</subfield>
    <subfield code="w">2026-03-15</subfield>
    <subfield code="y">BK</subfield>
    <subfield code="z">Satbayev centre</subfield>
  </datafield>
  <datafield tag="952" ind1=" " ind2=" ">
    <subfield code="0">0</subfield>
    <subfield code="1">0</subfield>
    <subfield code="2">ddc</subfield>
    <subfield code="3">Satbayev centre</subfield>
    <subfield code="4">0</subfield>
    <subfield code="6">553_095840000000000_KUN</subfield>
    <subfield code="7">0</subfield>
    <subfield code="9">645731</subfield>
    <subfield code="a">CL</subfield>
    <subfield code="b">CL</subfield>
    <subfield code="d">2026-03-15</subfield>
    <subfield code="e">Satbayev centre</subfield>
    <subfield code="f">Satbayev c</subfield>
    <subfield code="l">0</subfield>
    <subfield code="o">553.09584 KUN</subfield>
    <subfield code="p">CL-D-3270</subfield>
    <subfield code="r">2026-03-15</subfield>
    <subfield code="w">2026-03-15</subfield>
    <subfield code="y">BK</subfield>
    <subfield code="z">Satbayev centre</subfield>
  </datafield>
  <datafield tag="952" ind1=" " ind2=" ">
    <subfield code="0">0</subfield>
    <subfield code="1">0</subfield>
    <subfield code="2">ddc</subfield>
    <subfield code="3">Satbayev centre</subfield>
    <subfield code="4">0</subfield>
    <subfield code="6">553_095840000000000_KUN</subfield>
    <subfield code="7">0</subfield>
    <subfield code="9">645732</subfield>
    <subfield code="a">CL</subfield>
    <subfield code="b">CL</subfield>
    <subfield code="d">2026-03-15</subfield>
    <subfield code="e">Satbayev centre</subfield>
    <subfield code="f">Satbayev c</subfield>
    <subfield code="l">0</subfield>
    <subfield code="o">553.09584 KUN</subfield>
    <subfield code="p">CL-D-3271</subfield>
    <subfield code="r">2026-03-15</subfield>
    <subfield code="w">2026-03-15</subfield>
    <subfield code="y">BK</subfield>
    <subfield code="z">Satbayev centre</subfield>
  </datafield>
</record>
